000
00303nam a22001337a 4500
008
170511b xxu||||| |||| 00| 0 eng d
020
_a
9780134578965
041
_a
eng
080
_a
34
100
_a
15
101
_a
SHJ
245
_a
MARKETS FINANENCE ETHICS AND LAW
_c
BEAR.L.A
942
_2
udc
_c
BK
999
_c
13162
_d
13162